| 000 | 00894nac a22002291u 4500 | ||
|---|---|---|---|
| 010 | _a99020870 | ||
| 020 | _a0750641010 (paper) | ||
| 082 | 0 | 0 |
_a623.8171 _bD4381 |
| 090 |
_c967 _d967 |
||
| 100 | _aDerrett, D. R. | ||
| 245 | 1 | 0 |
_aShip stability for masters and mates / _cD.R. Derrett. |
| 250 | _a5th ed. / revised by C.B. Barrass | ||
| 260 |
_aBoston : _bButterworth-Heinemann, _cc1999. |
||
| 300 |
_avi, 447 p. : _bill. ; _c24 cm. |
||
| 500 | _aIncludes index. | ||
| 650 | 0 | _aStability of ships. | |
| 700 | 1 | _aBarrass, C. B. | |
| 856 | 4 | 1 |
_3Table of contents _uhttp://www.loc.gov/catdir/toc/els033/99020870.html |
| 856 | 4 | 1 |
_3Publisher description _uhttp://www.loc.gov/catdir/description/els033/99020870.html |
| 942 |
_cBB _k623.8171D4381 |
||
| 999 |
_c967 _d967 |
||